| Tag |
First Indicator |
Second Indicator |
Subfields |
| LEADER |
00000cam a22000001a 4500 |
| 001 |
in00003268708 |
| 006 |
m d f |
| 007 |
cr bn mmmapmmp |
| 008 |
101011s1979 dcu o f000 0 eng d |
| 005 |
20260429184155.5 |
| 035 |
|
|
|a cis2007812105
|
| 040 |
|
|
|a LexisNexis
|c LexisNexis
|d UtOrBLW
|
| 043 |
|
|
|a n-us---
|
| 074 |
|
|
|a 1038
|
| 086 |
0 |
|
|a Y 4.T 19/4:C 23
|
| 099 |
|
|
|a CMP-1979-FNS-0011
|
| 110 |
1 |
|
|a United States.
|b Congress.
|b Joint Committee on Taxation.
|
| 245 |
1 |
0 |
|a Background and issues relating to carryover basis scheduled for a hearing by the Subcommittee on Taxation and Debt Management Generally of the Committee on Finance on March 12, 19, and 20, 1979 /
|c prepared for the use of the Committee on Finance by the staff of the Joint Committee on Taxation.
|
| 264 |
|
1 |
|a Washington :
|b U.S. Govt. Print. Off,
|c 1979.
|
| 300 |
|
|
|a 1 online resource.
|
| 336 |
|
|
|a text
|b txt
|2 rdacontent
|
| 337 |
|
|
|a computer
|b c
|2 rdamedia
|
| 338 |
|
|
|a online resource
|b cr
|2 rdacarrier
|
| 500 |
|
|
|a Record is based on bibliographic data in LexisNexis U.S. Congressional Research Digital Collection. Reuse except for individual research requires license from LexisNexis.
|
| 500 |
|
|
|a Electronic resource.
|
| 650 |
|
0 |
|a Decedents' estates
|x Taxation
|z United States.
|
| 650 |
|
0 |
|a Inheritance and transfer tax
|z United States.
|
| 655 |
|
7 |
|a Electronic books.
|2 local
|
| 710 |
2 |
|
|a ProQuest (Firm)
|
| 710 |
1 |
|
|a United States.
|b Congress.
|b Senate.
|b Committee on Finance.
|
| 710 |
1 |
|
|a United States.
|b Congress.
|b Senate.
|b Committee on Finance.
|b Subcommittee on Taxation and Debt Management Generally.
|
| 776 |
0 |
8 |
|i Print version:
|a United States. Congress. Joint Committee on Taxation.
|t Background and issues relating to carryover basis scheduled for a hearing by the Subcommittee on Taxation and Debt Management Generally of the Committee on Finance on March 12, 19, and 20, 1979
|w gp 79023454
|w (OCoLC)05422276
|
| 776 |
0 |
8 |
|i Microfiche version:
|a United States. Congress. Joint Committee on Taxation.
|t Background and issues relating to carryover basis scheduled for a hearing by the Subcommittee on Taxation and Debt Management Generally of the Committee on Finance on March 12, 19, and 20, 1979
|d [Bethesda, Md.] : LexisNexis Academic & Library Solutions,1979.
|o CIS 79 S362-12
|w (LexisNexis)cis07902581
|
| 830 |
|
0 |
|a U.S. Congressional Research.
|
| 856 |
4 |
0 |
|u http://proxy.library.tamu.edu/login?url=https://congressional.proquest.com/congcomp/getdoc?CRDC-ID=CMP-1979-FNS-0011
|z Connect to the full text of this electronic book
|t 0
|
| 998 |
|
|
|a cis07902581
|
| 999 |
|
|
|a MARS
|
| 999 |
f |
f |
|s f392a2dd-9015-3b6f-b4c8-40d4b13f924b
|i 1a08e863-7abc-30b9-af2f-a91ada92fb83
|t 0
|
| 952 |
f |
f |
|a Texas A&M University
|b College Station
|c Electronic Resources
|s www_evans
|d Available Online
|t 0
|e CMP-1979-FNS-0011
|h Other scheme
|
| 998 |
f |
f |
|a CMP-1979-FNS-0011
|t 0
|l Available Online
|